| 000 | 00448nam a2200169 i 4500 | ||
|---|---|---|---|
| 001 | 146748 | ||
| 003 | ES-MaACL | ||
| 005 | 20260511145842.0 | ||
| 007 | t| | ||
| 008 | 070917s1974 fr ||||1| fre d | ||
| 100 |
_aTroyat, Henri, _d1911-2007 _9233580 |
||
| 245 | 1 | 3 |
_aLe moscovite / _cHenri Troyat. |
| 260 |
_aParis : _bFlammarion, _c[1974] |
||
| 300 |
_a327 p. ; _c20 cm. |
||
| 852 |
_aES-MaACL _jE-5657 _bR.90039 |
||
| 999 |
_c146748 _d146748 |
||